000 00618nam a2200217 a 4500
001 86189
003 BD-RjUL
005 20260222110806.0
008 260222s2019 nyu||||| |||| 00| 0 eng d
020 _a9781682866429
035 _a(BD-RjUL)86189
040 _aBD-RjUL
_beng
_cBD-RjUL
041 _aeng
082 _223
_a550
_bAPP 2019
245 _aApplied Geophysics :
_bModeling and Simulation /
_cEdited by Karl Seibert
260 _aNew York :
_bSyrawood Publishing house,
_c2019
300 _avi, 211 p.:
_bill.;
_c29 cm.
650 _aGeophysics
_917754
700 _aSeibert, Karl
_917755
942 _2ddc
_cBK
999 _c86189
_d86189